Coleccion de papeles escogidos de los que se han publicado con motivo de las ocurrencias del dia

Detalles Bibliográficos
Formato: Libro
Lenguaje:Spanish
Publicado: Madrid : s.n., 1808.
Materias:
Colección:Banco de datos
Acervo:Seminario Conciliar de Nuestra Señora de Guadalupe Querétaro. Qro.. Biblioteca Florencio Rosas. Fondo Reservado
Descripción Física:104 p. ; 8°
Tema general:Historia civil
Notas:Portada tipográfica con cita literaria en español. Texto a renglón seguido con paginación en números arábigos y signaturas. Encuadernación en keratol. Ex libris en estampa en la p. 104 de P. D. Luis Borja. Daños de humedad
LEADER 00753nam a22001570004500
035 |a 2129 
041 0 |a spa 
245 1 0 |a Coleccion de papeles escogidos de los que se han publicado con motivo de las ocurrencias del dia 
260 |a Madrid : s.n., 1808.  
300 |a 104 p. ; 8° 
500 |a Portada tipográfica con cita literaria en español. Texto a renglón seguido con paginación en números arábigos y signaturas. Encuadernación en keratol. Ex libris en estampa en la p. 104 de P. D. Luis Borja. Daños de humedad  
650 1 0 |a Historia civil  
949 |a Fondo Reservado: 4561 
942 |c QUER-RES 
943 |g Seminario Conciliar de Nuestra Señora de Guadalupe Querétaro. Qro.. Biblioteca Florencio Rosas. Fondo Reservado 
999 |c 1109793  |d 1109793